Языки народов России красная книга энциклопедический словарь-справочник = The red book of the languages of Russia : The encyclopaedia

Kaydedildi:
Detaylı Bibliyografya
Yazar: Российская Академия наук. Институт лингвистических исследований
Materyal Türü: Kitap
Baskı/Yayın Bilgisi: Academia 2002
Etiketler: Etiketle
Etiket eklenmemiş, İlk siz ekleyin!
Thư viện lưu trữ: Mạng thư viện Đại học Đà Nẵng
LEADER 00847nam a2200217 a 4500
001 000030385
003 34829
005 20171030145630.0
008 171030s2002
040 |a LTT 
082 0 |a 491.73  |b RUS 
100 1 |a Российская Академия наук. Институт лингвистических исследований 
245 0 0 |a Языки народов России красная книга энциклопедический словарь-справочник = The red book of the languages of Russia : The encyclopaedia  |c Российская Академия наук ; edited by V. P. Neroznak. 
260 |b Academia  |c 2002 
OWN |a LTT 
999 |a From the UDN01 
TYP |a Monograph 
TYP |a Printed language 
980 |a Mạng thư viện Đại học Đà Nẵng